00606nam a2200169Ia 4500008004100000020002200041050001900063100003800082245008900120250000600209260002200215300001100237650003000248700004500278952009600323999001700419120626s9999 xx 000 0 und d a978-968-18-6968-7 aHF5686.C8 M328 aMARTÍ DE ADALID, María Teresa aContabilidad de costos / María Teresa Martí de Adalid, Eduardo Solorio Jiménez a5 aMéxico : Limusa a316 p. a1. CONTABILIDAD DE COSTOS aI. Solorio Jiménez, Eduardo, coaut.Ì 00104070a09b09d2007-04-17l0oHF5686.C8 M328p09 001743r2024-07-10t2w2012-06-26yLB c63895d63895